00556nam a2200181 450000500170000000800410001702000230005804000190008104100120010008200170011210000170012924500840014626000450023030000180027550400500029365000210034385000100036420160321124030.0160321b xxu||||| |||| 00| 0 eng d a0199453365c550.00 aLoreto College aEnglish a328.954bSHA aShankar,B.L. aThe Indian parliamenntbA democracy at workcB.L.Shankar and Valerian Rodrigues aNew DelhibOxford University Pressc2014 axv,412pb22cm aIncludes bibliographical references and index aParliament-India aLCLIB